000 00280nam a22001217a 4500
008 160421b xxu||||| |||| 00| 0 eng d
020 _a9780763742676
020 _a100763742678
041 _aeng
080 _a618.2
245 _aNursing research:
_cJanet Houser;
942 _2udc
_cBK
999 _c1498
_d1498